000 00549nam a22001817a 4500
001 195534
003 OSt
005 20240816101822.0
008 240618b |||||||| |||| 00| 0 POR d
020 _a9788535704747
040 _aColégio Cândido Portinari
_bPortuguês
_cColégio Cândido Portinari
082 _a028.5
100 0 _aAndrade, Telma Guimarães Castro
_91310
245 _aO diário (nem sempre secreto de pedro/ ilustrações de Paulo Tenente
300 _a80p.
650 0 _aLiteratura infantojuvenil
_91221
942 _2udc
_cBK
_n0
999 _c195534
_d195534